[Event "Wielkopolska III Liga Juniorow 2016"]
[Site "Gniezno"]
[Date "1899-12-30"]
[Round "2.4"]
[White "Lazniewski, Tadeusz"]
[Black "Ochedzan, Tymon"]
[Result "0-1"]
[WhiteTitle "II"]
[BlackTitle "II+"]
[WhiteElo "1186"]
[BlackElo "1589"]

1. e4 c5 2. c3 d5 3. exd5 Qxd5 4. d4 Nf6 5. Nf3 Bg4 6. Be2 e6 7. h3 Bh5 8. Be3
c4 9. Nbd2 b5 10. a4 a6 11. axb5 axb5 12. Rxa8 Qxa8 13. b3 b4 14. cxb4 c3 15.
Nb1 Bxb4 16. O-O Qc6 17. Bc4 O-O 18. Qe2 Bxf3 19. Qxf3 Qxf3 20. gxf3 c2 21. Nd2
Nd5 22. Ne4 Nxe3 23. fxe3 Ba3 24. b4 c1=Q 25. Rxc1 Bxc1 26. Kf2 Rc8 27. Be2 Nd7
28. Nd6 Rb8 29. b5 Kf8 30. e4 Ke7 31. e5 f6 32. Ne4 fxe5 33. dxe5 Nxe5 34. Nc5
Nd7 35. Ne4 Nf6 36. Nc5 Nd5 37. Na6 Rb6 38. Kg2 Nf4+ 39. Kf2 Nxe2 40. Kxe2 Ba3
41. Kd3 Rxb5 42. Nc7 Rb6 43. Ke4 Kd7 44. Na8 Ra6 45. Nc7 Kxc7 46. Ke5 Ra4 47.
Kxe6 Ra5 48. Kf7 Bb2 49. Kg8 h5 50. f4 Kd6 51. f5 Ke5 52. Kh7 Kxf5 53. Kg8 g5
54. Kh7 Ra8 55. Kh6 Rh8# 0-1

[Event "Wielkopolska III Liga Juniorow 2016"]
[Site "Gniezno"]
[Date "1899-12-30"]
[Round "2.5"]
[White "Wawrzyniak, Weronika"]
[Black "Walkowiak, Bogumila"]
[Result "1-0"]
[WhiteTitle "I"]
[BlackTitle "II"]
[WhiteElo "1315"]
[BlackElo "1337"]

1. e4 e5 2. Nf3 Nc6 3. Bb5 Bc5 4. O-O d6 5. h3 Bd7 6. c3 a6 7. Ba4 b5 8. Bb3 Nf6
9. Re1 Bb6 10. d4 h6 11. Be3 O-O 12. Nbd2 Re8 13. Bc2 Rc8 14. b4 a5 15. d5 Ne7
16. a4 Ra8 17. axb5 Bxb5 18. c4 Bxe3 19. Rxe3 Bd7 20. b5 Ra7 21. Rea3 Qa8 22.
Nb3 a4 23. Nbd2 Nc8 24. Rxa4 Rxa4 25. Rxa4 Qb7 26. Ra1 Nb6 27. Bd3 Rf8 28. Qc2
Bc8 29. Nb3 Bd7 30. Nfd2 Ra8 31. Qc1 Ra7 32. Ra5 Qa8 33. Qa3 Rxa5 34. Qxa5 Qxa5
35. Nxa5 Kf8 36. f3 Nh5 37. Kf2 Nf4 38. Bf1 f5 39. g3 Ng6 40. Ndb3 fxe4 41. fxe4
Ke7 42. Nc6+ Kf6 43. c5 dxc5 44. Nxc5 Bxc6 45. bxc6 Nf8 46. Na6 Na8 47. h4 g5
48. hxg5+ hxg5 49. Bh3 Ke7 50. Kf3 Nh7 51. Kg4 Nf6+ 52. Kf5 Nh7 53. Bg4 Kd6 54.
Kg6 Nf8+ 55. Kxg5 Nb6 56. Bf5 Nc4 57. Kf6 Ne3 58. g4 Nxf5 59. Kxf5 Nh7 60. Nxc7
Kxc7 61. Kxe5 Nf8 62. g5 1-0

[Event "Wielkopolska III Liga Juniorow 2016"]
[Site "Gniezno"]
[Date "1899-12-30"]
[Round "2.6"]
[White "Miranowska, Anna"]
[Black "Kubasik, Aleksandra"]
[Result "1-0"]
[WhiteTitle "II"]
[BlackTitle "II"]
[WhiteElo "1089"]
[BlackElo "1153"]

1. d4 d5 2. Nf3 e6 3. c4 Nf6 4. Nc3 Be7 5. Bg5 O-O 6. e3 Nbd7 7. Bd3 c5 8. cxd5
exd5 9. O-O c4 10. Bc2 a6 11. b3 b5 12. Qe2 Bb4 13. Nxd5 Be7 14. Nxe7+ Qxe7 15.
e4 cxb3 16. Bxb3 Qxe4 17. Qxe4 Nxe4 18. Bf4 Nc3 19. Rfe1 Bb7 20. Rac1 Rac8 21.
Rc2 b4 22. Re7 Bc6 23. d5 Bb5 24. Bd6 Nxd5 25. Rxc8 Rxc8 26. Bxd5 Bc4 27. Bxc4
g6 28. Bxf7+ Kg7 29. Be6+ Kh6 30. Bxd7 Rc2 31. Kf1 Rxa2 32. g4 g5 33. Bf5 Ra1+
34. Kg2 Ra5 35. Rxh7# 1-0

[Event "Wielkopolska III Liga Juniorow 2016"]
[Site "Gniezno"]
[Date "1899-12-30"]
[Round "2.7"]
[White "Skrzypczak, Edyta"]
[Black "Golinski, Kacper"]
[Result "1-0"]
[WhiteTitle "II+"]
[BlackTitle "II"]
[WhiteElo "1566"]
[BlackElo "1481"]

1. f4 d5 2. Nf3 Nf6 3. e3 Nc6 4. Bb5 e6 5. b3 a6 6. Bxc6+ bxc6 7. Bb2 Bd6 8. O-O
O-O 9. Qe1 a5 10. d3 a4 11. Nbd2 axb3 12. axb3 Bb7 13. Qg3 Kh8 14. Ne5 Qe7 15.
Ndf3 Rxa1 16. Rxa1 Ra8 17. Rxa8+ Bxa8 18. Qh4 h6 19. g4 Kg8 20. g5 Ne8 21. Qh5
Bxe5 22. Nxe5 hxg5 23. fxg5 g6 24. Qh6 Qf8 25. Qh4 Qg7 26. Qh6 Qxh6 27. gxh6 Nd6
28. Ng4 Kh7 29. Bg7 Nf5 30. Nf6# 1-0

[Event "Wielkopolska III Liga Juniorow 2016"]
[Site "Gniezno"]
[Date "1899-12-30"]
[Round "2.9"]
[White "Rosenfeld, Noe"]
[Black "Matloka, Milosz"]
[Result "1-0"]
[WhiteTitle "II"]
[BlackTitle "II"]
[WhiteElo "1273"]
[BlackElo "1355"]

1. e4 c5 2. Nf3 e6 3. d4 cxd4 4. Nxd4 a6 5. Nc3 Qc7 6. Be3 Nf6 7. Qf3 Nc6 8. Bd3
Bb4 9. O-O Nxd4 10. Bxd4 e5 11. Be3 Bxc3 12. bxc3 Qxc3 13. Bh6 O-O 14. Qg3 Ne8
15. Bg5 f6 16. Bh6 Kh8 17. Be3 b5 18. f4 d6 19. f5 Bb7 20. h4 d5 21. exd5 Bxd5
22. h5 e4 23. Be2 Qc7 24. Qg4 Qf7 25. Qh4 Rc8 26. h6 g5 27. fxg6 Qxg6 28. Bh5
Qg8 29. Bxe8 Rcxe8 30. Rxf6 Re5 31. Bd4 e3 32. Rxf8 1-0

[Event "Wielkopolska III Liga Juniorow 2016"]
[Site "Gniezno"]
[Date "1899-12-30"]
[Round "2.10"]
[White "Matuszewski, Bartosz"]
[Black "Kubiak, Aleksandra"]
[Result "0-1"]
[WhiteTitle "II"]
[BlackTitle "II"]
[WhiteElo "1242"]
[BlackElo "1267"]

1. e4 e5 2. Nf3 Nc6 3. Bb5 Bc5 4. Bxc6 dxc6 5. O-O Qd6 6. h3 h6 7. Nc3 Be6 8. a3
O-O-O 9. b4 Bb6 10. Bb2 Ne7 11. Ne2 Ng6 12. d3 a6 13. Ng3 c5 14. bxc5 Qxc5 15.
Nf5 Rhg8 16. Ne3 f6 17. c3 Qb5 18. Qc2 Qxd3 19. Rfd1 20. Qxc2 21. Nxc2 Bb3 22.
Nfe1 Nf4 23. Rxd8+ Rxd8 24. Ne3 Bxe3 25. fxe3 Ne6 26. Nf3 Nc5 27. Nh4 Nxe4 28.
Nf5 Rd2 29. Bc1 Rd1+ 30. Kh2 Nxc3 31. Nxg7 Bc2 32. Nh5 f5 33. Bb2 Rxa1 34. Bxa1
Nb5 35. Bxe5 Nxa3 36. Ng3 Nc4 37. Bg7 b5 38. Ne2 b4 39. Bxh6 b3 40. Bf4 b2 41.
Nc3 b1=Q 42. Nxb1 Bxb1 43. h4 Nd6 44. h5 Nf7 45. Kg3 c5 46. Kf2 a5 47. e4 Bxe4
48. Be3 c4 49. Bd4 Kd7 50. g3 Ke6 51. Ke3 Ng5 52. h6 Nh7 53. Bc3 a4 54. Kd4 Bd3
55. Kc5 Kf7 56. Kb4 Kg6 57. Kxa4 Kxh6 58. Kb4 Kg5 59. Be5 Kg4 60. Kc3 Ng5 61.
Kd4 Nf3+ 0-1

[Event "Wielkopolska III Liga Juniorow 2016"]
[Site "Gniezno"]
[Date "1899-12-30"]
[Round "2.11"]
[White "Waszkowiak, Kinga"]
[Black "Dixa, Joanna"]
[Result "0-1"]
[WhiteTitle "III"]
[BlackTitle "II"]
[WhiteElo "1022"]
[BlackElo "1234"]

1. b4 e6 2. a3 Nf6 3. Bb2 d5 4. Nf3 Nbd7 5. e3 c5 6. bxc5 Bxc5 7. c4 O-O 8. Nc3
Nb6 9. Qb3 Bd7 10. Be2 Bc6 11. Ne5 dxc4 12. Nxc6 cxb3 13. Nxd8 Rfxd8 14. d3 Rac8
15. O-O Be7 16. Rfd1 Nfd5 17. Rac1 Nxc3 18. Rxc3 Rxc3 19. Bxc3 Rc8 20. Bd4 Bxa3
21. Rb1 Rc1+ 22. Rxc1 Bxc1 23. Bd1 b2 24. Bc2 Kf8 25. Kf1 Ke7 26. Ke2 Nc8 27.
Bxg7 Nd6 28. Bc3 b6 29. Kd1 a5 30. Bd2 Bxd2 31. Kxd2 Nb5 32. d4 Na3 33. Bxh7 f5
34. h4 b1=Q 35. Bxf5 exf5 36. Ke2 Qc2+ 37. Kf3 Qe4+ 38. Kg3 Qg4+ 39. Kh2 Qxh4+
40. Kg1 Nb5 0-1

[Event "Wielkopolska III Liga Juniorow 2016"]
[Site "Gniezno"]
[Date "1899-12-30"]
[Round "2.13"]
[White "Raczynski, Krzysztof"]
[Black "Niezgodka, Adam"]
[Result "1-0"]
[WhiteTitle "I++"]
[BlackTitle "II"]
[WhiteElo "2088"]
[BlackElo "1627"]

1. e4 c6 2. d4 d5 3. Nc3 dxe4 4. Nxe4 Bf5 5. Ng3 Bg6 6. h4 h6 7. Nf3 Nd7 8. h5
Bh7 9. Bd3 Bxd3 10. Qxd3 Qc7 11. Bd2 Ngf6 12. O-O-O O-O-O 13. Ne4 e6 14. g3 Nxe4
15. Qxe4 Bd6 16. c4 c5 17. Kb1 Qc6 18. Qxc6+ bxc6 19. Be3 f6 20. dxc5 Bxc5 21.
Rxd7 Rxd7 22. Bxc5 Rhd8 23. Kc2 Kb7 24. Re1 e5 25. Re2 a6 26. Nh4 Kc7 27. Bb4
Kb6 28. Rd2 Rxd2+ 29. Bxd2 Kc5 30. Kc3 Kb6 31. Nf5 Rd7 32. Be3+ Kc7 33. Bc5 Rf7
34. Nd6 Rf8 35. Nb5+ 1-0

[Event "Wielkopolska III Liga Juniorow 2016"]
[Site "Gniezno"]
[Date "1899-12-30"]
[Round "2.14"]
[White "Pabiszczak, Nikodem"]
[Black "Zurawski, Kamil"]
[Result "0-1"]
[WhiteTitle "II"]
[BlackTitle "I"]
[WhiteElo "1281"]
[BlackElo "1673"]

1. e4 c5 2. Nc3 a6 3. Nf3 Nc6 4. d3 e6 5. a3 d5 6. exd5 exd5 7. h3 Nf6 8. Bg5 Be7
9. g4 Be6 10. Bg2 d4 11. Bxf6 Bxf6 12. Ne4 Be7 13. Qd2 Rc8 14. O-O O-O 15. Qe2
Bd5 16. Nfd2 b5 17. Ng3 Bxg2 18. Kxg2 Re8 19. f4 Bd6 20. Qf2 Ne7 21. Rfe1 Qc7
22. f5 Nd5 23. Ndf1 Bf4 24. Ne4 Ne3+ 25. Nxe3 Bxe3 26. Qf3 c4 27. Re2 cxd3 28.
cxd3 Qa5 29. h4 Rc6 30. g5 Qc7 31. Rae1 Rc1 32. Rxc1 Qxc1 33. Qf1 Rc8 34. Qxc1
Rxc1 35. Kf3 Kf8 36. f6 g6 37. Nd6 h6 38. gxh6 Rf1+ 39. Kg2 Rxf6 40. Ne8 Rf5 41.
h7 Rh5 42. Nf6 Rxh4 43. Kg3 Rh6 44. Rh2 Bf4+ 45. Kxf4 Rxh2 46. Ke5 Kg7 47. b4
Rf2 48. Ng4 Rf5+ 49. Kd6 Kxh7 50. Ke7 Kg7 51. Kd6 Rf3 52. Ne5 Re3 53. Nc6 Rxd3
54. Kc5 Rxa3 0-1

[Event "Wielkopolska III Liga Juniorow 2016"]
[Site "Gniezno"]
[Date "1899-12-30"]
[Round "2.15"]
[White "Kaminski, Antoni"]
[Black "Jedras, Adrianna"]
[Result "1-0"]
[WhiteTitle "II"]
[BlackTitle "I"]
[WhiteElo "1537"]
[BlackElo "1277"]

1. e4 e5 2. Nf3 Nc6 3. Bb5 Bc5 4. O-O d6 5. h3 Bd7 6. c3 a6 7. Ba4 Nge7 8. Bc2
h6 9. d4 exd4 10. cxd4 Bb6 11. Nc3 O-O 12. a3 Ng6 13. Ne2 Re8 14. Ng3 Nce7 15.
Be3 d5 16. e5 c6 17. Nh2 Qc8 18. f4 Nf5 19. Nxf5 Bxf5 20. g4 Bxc2 21. Qxc2 Nh4
22. f5 Bd8 23. Qd2 h5 24. Bg5 hxg4 25. hxg4 Bxg5 26. Qxg5 Qd8 27. Qh5 Rb8 28.
Rf2 g5 29. f6 Re6 30. Qh6 Qf8 31. Qxg5+ Ng6 32. Nf3 Qc8 33. Nh4 Kf8 34. Nxg6+
fxg6 35. Qxg6 Qc7 36. Rh2 Qf7 37. Rh8+ Qg8 38. Rxg8# 1-0

[Event "Wielkopolska III Liga Juniorow 2016"]
[Site "Gniezno"]
[Date "1899-12-30"]
[Round "2.16"]
[White "Pieczewska, Gabriela"]
[Black "Lepski, Maksymilian"]
[Result "1/2-1/2"]
[WhiteTitle "II"]
[BlackTitle "II"]
[WhiteElo "1160"]
[BlackElo "1411"]

1. d4 Nf6 2. c4 g6 3. Nc3 Bg7 4. e3 O-O 5. Nf3 c5 6. Be2 cxd4 7. exd4 d6 8. O-O
a6 9. Bg5 Qc7 10. Qd2 Nc6 11. Rad1 Rd8 12. Bh6 Bd7 13. Bxg7 Kxg7 14. Nd5 Nxd5
15. cxd5 Na7 16. h4 Bb5 17. Bxb5 Nxb5 18. h5 Qd7 19. Qf4 Nc7 20. h6+ Kg8 21. Ng5
f6 22. Ne4 Nxd5 23. Qf3 Rac8 24. Ng5 Nc7 25. Nh3 d5 26. Rfe1 Qd6 27. Re2 e5 28.
dxe5 fxe5 29. Ng5 Rf8 30. Qg3 Rce8 31. Qc3 Qc6 32. Qe3 d4 33. Qb3+ Qd5 34. Rde1
Rf5 35. Nh3 d3 1/2-1/2

[Event "Wielkopolska III Liga Juniorow 2016"]
[Site "Gniezno"]
[Date "1899-12-30"]
[Round "2.17"]
[White "Nawrocka, Edyta"]
[Black "Kopacka, Natalia"]
[Result "1-0"]
[WhiteTitle "II"]
[BlackTitle "II+"]
[WhiteElo "1115"]
[BlackElo "1221"]

1. e4 e5 2. Nf3 Nc6 3. Bc4 Bc5 4. Nc3 d6 5. h3 Be6 6. Bb3 Nf6 7. d3 Nd4 8. Be3
Nxb3 9. axb3 Bb6 10. O-O O-O 11. d4 exd4 12. Bxd4 Bxd4 13. Nxd4 Qd7 14. Re1 Rfe8
15. Qd2 c5 16. Nf3 Qc6 17. Rad1 d5 18. exd5 Nxd5 19. Nxd5 Kf8 20. Nf4 Bf5 21.
Qc3 Rxe1+ 22. Rxe1 Re8 23. Nh5 Rxe1+ 24. Qxe1 Bxh3 25. gxh3 Qxf3 26. Ng3 h5 27.
h4 Qg4 28. Qd2 g6 29. Qd6+ Kg8 30. Qb8+ Kg7 31. Qd8 f5 32. Qg5 Qd1+ 33. Kh2 Kf7
34. Nxf5 gxf5 35. Qxf5+ Kg7 36. Qe5+ Kf7 37. Qf5+ Kg7 38. f3 Qe2+ 39. Kg3 Qe1+
40. Kg2 Qe2+ 41. Kg3 Qe1+ 42. Kf4 Qxh4+ 43. Ke5 Qe7+ 44. Kf4 Qf6 45. c3 Qxf5+
46. Kxf5 Kh6 47. f4 b6 48. b4 c4 49. b5 h4 50. Kg4 Kg6 51. Kxh4 Kf5 52. Kg3 Kf6
53. Kf3 Kf5 54. Ke3 Kf6 55. Kd4 Kf5 56. Kxc4 Kxf4 57. Kd5 Ke3 58. b4 Kd3 59. c4
Kc3 60. c5 1-0

[Event "Wielkopolska III Liga Juniorow 2016"]
[Site "Gniezno"]
[Date "1899-12-30"]
[Round "2.19"]
[White "Walkowski, Milosz"]
[Black "Lapot, Arkadiusz"]
[Result "1-0"]
[WhiteTitle "I"]
[BlackTitle "II"]
[WhiteElo "1694"]
[BlackElo "1417"]

1. d4 d5 2. c4 dxc4 3. e3 Bf5 4. Bxc4 e6 5. Nc3 Nf6 6. Nf3 Bb4 7. O-O O-O 8. Qe2
Bxc3 9. bxc3 c6 10. Rd1 Ne4 11. Bb2 Nd7 12. Nd2 Ndf6 13. f3 Nxd2 14. Rxd2 Qc7
15. a4 Rfd8 16. e4 Bg6 17. Ba3 b6 18. Rad1 Rd7 19. Qe3 Rad8 20. Be2 h6 21. g3
Nh5 22. f4 Nf6 23. Bf3 Qc8 24. c4 Qa6 25. e5 Ne8 26. Bxc6 Rc7 27. Bb5 Qc8 28.
c5 bxc5 29. Bxc5 a6 30. Bd3 Bh5 31. Be2 Bg6 32. Rb2 Qd7 33. Bb6 Qxa4 34. Bxc7
Nxc7 35. Qd2 Nd5 36. Bf3 Nc7 37. Qb4 Qd7 38. Qc5 Nb5 39. d5 Rc8 40. Qb4 Nc3 41.
dxe6 Qxe6 42. Rd6 Qf5 43. Qd4 Nb5 44. Rd8+ Kh7 45. Qd2 Rxd8 46. Qxd8 Nc3 47. Rb8
Bh5 48. Bxh5 Qxh5 49. Qd3+ g6 50. Qd8 Ne2+ 51. Kg2 Nxf4+ 52. gxf4 Qg4+ 53. Kf2
Qxf4+ 54. Ke2 Qe4+ 55. Kd2 Qf4+ 56. Kd3 Qf3+ 57. Kd4 Qf4+ 58. Kd5 Qd2+ 59. Kc6
Qc3+ 60. Kb7 Qf3+ 61. Ka7 Qe3+ 62. Ka8 Qe4+ 63. Rb7 Qf5 64. Qf8 1-0

[Event "Wielkopolska III Liga Juniorow 2016"]
[Site "Gniezno"]
[Date "1899-12-30"]
[Round "2.20"]
[White "Naworski, Adam"]
[Black "Walkowski, Jonasz"]
[Result "0-1"]
[WhiteTitle "II"]
[BlackTitle "II"]
[WhiteElo "1347"]
[BlackElo "1497"]

1. e4 e6 2. d4 d5 3. e5 c5 4. c3 Nc6 5. Nf3 Qb6 6. Bd3 Bd7 7. Qb3 Qxb3 8. axb3
cxd4 9. cxd4 Nb4 10. Ke2 Nxd3 11. Kxd3 Ne7 12. Nc3 Nf5 13. Bd2 Be7 14. Rhe1 O-O
15. g4 Nh6 16. Bxh6 gxh6 17. Rg1 Kh8 18. Rac1 Rac8 19. Ne2 a6 20. Rxc8 Rxc8 21.
Rc1 Rxc1 22. Nxc1 b5 23. Na2 b4 24. Nc1 a5 25. h3 Kg7 26. h4 h5 27. g5 h6 28.
gxh6+ Kxh6 29. Ke3 Bb5 30. Kf4 Kg6 31. Ne1 Bxh4 32. Ncd3 Bxd3 33. Nxd3 Bd8 34.
f3 Bg5+ 35. Kg3 Be3 36. Nf4+ Kg5 37. Ne2 Bd2 38. Kg2 Be3 39. Kg3 Kf5 40. Kh4 Bxd4
41. Nxd4+ Kxe5 42. Nc6+ Kf4 43. Nxa5 d4 44. Kxh5 Kxf3 45. Kg5 d3 46. Nc4 Ke2 47.
Kf4 d2 48. Ne3 d1=Q 49. Nxd1 Kxd1 50. Ke4 Kc2 51. Kd4 Kxb3 52. Kc5 f5 53. Kb5
f4 54. Kc5 f3 55. Kb5 f2 0-1

[Event "Wielkopolska III Liga Juniorow 2016"]
[Site "Gniezno"]
[Date "1899-12-30"]
[Round "2.23"]
[White "Janiszewska, Karolina"]
[Black "Jasinska, Patrycja"]
[Result "0-1"]
[WhiteTitle "III"]
[BlackTitle "II"]
[WhiteElo "1006"]
[BlackElo "1162"]

1. e4 c6 2. d4 d5 3. f3 dxe4 4. fxe4 Nf6 5. e5 Nd5 6. Nf3 Bg4 7. h3 Bh5 8. Bd2
e6 9. Nc3 Bb4 10. a3 Bxc3 11. Bxc3 Nxc3 12. bxc3 O-O 13. Be2 Nd7 14. O-O Rb8 15.
Rb1 b6 16. c4 c5 17. a4 Bxf3 18. Bxf3 cxd4 19. Qxd4 Nc5 20. Qxd8 Rfxd8 21. Ra1
Rd4 22. Be2 Re4 23. Bh5 g6 24. Bg4 Rxc4 25. a5 Rxc2 26. axb6 axb6 27. Ra7 Rb7
28. Ra8+ Kg7 29. Bf3 Rc7 30. Rb1 Nd7 31. Rd8 R2c5 32. Bg4 Rxe5 33. Ra8 b5 34.
Be2 Rxe2 35. Rxb5 Rc1+ 36. Kh2 Rcc2 37. Rg5 h6 38. Rg3 Nf6 39. h4 Ne4 40. Rg4
h5 41. Rf4 Rxg2+ 42. Kh3 Rh2# 0-1

[Event "Wielkopolska III Liga Juniorow 2016"]
[Site "Gniezno"]
[Date "1899-12-30"]
[Round "2.25"]
[White "Kus, Aleksander"]
[Black "Stochnialek, Dominika"]
[Result "1-0"]
[WhiteTitle "I"]
[BlackTitle "I"]
[WhiteElo "1873"]
[BlackElo "1438"]

1. e4 c5 2. Nf3 d6 3. d4 cxd4 4. Nxd4 Nf6 5. Nc3 g6 6. Be3 Bg7 7. f3 O-O 8. Bc4
Nc6 9. Bb3 Bd7 10. Qd2 Na5 11. O-O-O Rc8 12. g4 Nc4 13. Bxc4 Rxc4 14. h4 a6 15.
h5 b5 16. Nce2 a5 17. Bh6 Qc7 18. Bxg7 Kxg7 19. hxg6 fxg6 20. Qh6+ Kg8 21. g5
Nh5 22. Rxh5 gxh5 23. g6 1-0

[Event "Wielkopolska III Liga Juniorow 2016"]
[Site "Gniezno"]
[Date "1899-12-30"]
[Round "2.26"]
[White "Wojciechowski, Antoni"]
[Black "Szych, Adam"]
[Result "1-0"]
[WhiteTitle "II+"]
[BlackTitle "II"]
[WhiteElo "1514"]
[BlackElo "1361"]

1. Nf3 Nf6 2. d3 d5 3. g3 e6 4. Bg2 Bd6 5. O-O O-O 6. Nbd2 c5 7. e4 dxe4 8. dxe4
Nc6 9. Re1 Qc7 10. Nc4 Be7 11. Bf4 Qd7 12. Qe2 b6 13. Rad1 Qb7 14. c3 b5 15. Nd6
Qa6 16. Nxb5 Bb7 17. Nd6 Qxe2 18. Rxe2 Rfd8 19. e5 Nd5 20. Nxb7 Nxf4 21. Rxd8+
Nxd8 22. gxf4 Nxb7 23. Nd2 Rb8 24. Nc4 Kf8 25. Rd2 Ke8 26. Bc6+ Kf8 27. b3 Nd8
28. Be4 Ke8 29. Kg2 Rc8 30. Nd6+ Bxd6 31. Rxd6 Rc7 32. Kf3 Rd7 33. Rxd7 Kxd7 34.
Ke3 h6 35. h4 f6 36. Kd3 fxe5 37. fxe5 Nf7 38. f4 g5 39. Bg6 g4 40. Bxf7 g3 41.
Ke2 Ke7 42. Bh5 a5 43. Kf3 g2 44. Kxg2 Kd7 45. Kf3 Kc6 46. Ke4 Kb5 47. Be8+ Kb6
48. f5 exf5+ 49. Kxf5 Kc7 50. e6 Kd8 51. Bf7 Ke7 52. Kg6 Kf8 53. Kxh6 a4 54. bxa4
c4 55. Kg6 Ke7 56. h5 Kd8 1-0

[Event "Wielkopolska III Liga Juniorow 2016"]
[Site "Gniezno"]
[Date "1899-12-30"]
[Round "2.27"]
[White "Janicki, Mateusz"]
[Black "Poltorak, Sebastian"]
[Result "0-1"]
[WhiteTitle "II"]
[BlackTitle "II+"]
[WhiteElo "1406"]
[BlackElo "1693"]

1. e4 c6 2. d4 d5 3. exd5 cxd5 4. Nf3 Nf6 5. Bd3 Qc7 6. O-O Bg4 7. Be3 e6 8. Nbd2
Bd6 9. h3 Bh5 10. c3 O-O 11. Qc2 Bg6 12. Bxg6 hxg6 13. b3 Nc6 14. c4 dxc4 15.
Nxc4 Bf4 16. Bxf4 Qxf4 17. Rad1 Rfd8 18. Qd2 Qxd2 19. Rxd2 Nd5 20. Nfe5 Rac8 21.
Nxc6 Rxc6 22. Ne5 Rc7 23. Nd3 Rdc8 24. Ne5 Kf8 25. Ra1 Ke7 26. Kf1 Nf4 27. a4
Rc3 28. b4 Ra3 29. Rdd1 Rb3 30. b5 Rb4 31. Nf3 Rcc4 32. g3 Nd5 33. Rd3 Rxa4 34.
Rda3 Nb6 35. Ke2 Rxa3 36. Rxa3 Ra4 0-1

[Event "Wielkopolska III Liga Juniorow 2016"]
[Site "Gniezno"]
[Date "1899-12-30"]
[Round "2.28"]
[White "Roszkiewicz, Anna"]
[Black "Leopold, Maks"]
[Result "1-0"]
[WhiteTitle "I"]
[BlackTitle "II"]
[WhiteElo "1421"]
[BlackElo "1206"]

1. e4 e6 2. d4 d5 3. Nd2 c5 4. exd5 exd5 5. Nb3 Qb6 6. dxc5 Bxc5 7. Nxc5 Qxc5 8.
Qe2+ Qe7 9. Qxe7+ Nxe7 10. Nf3 O-O 11. Be2 Bf5 12. Nd4 Bg6 13. O-O Nbc6 14. Nxc6
Nxc6 15. c3 Rfe8 16. Bf3 Bd3 17. Rd1 h6 18. Be3 Be4 19. Bxe4 dxe4 20. Rd7 b6 21.
h3 Rad8 22. Rad1 Rxd7 23. Rxd7 Rd8 24. Rc7 Rd6 25. Kf1 Kf8 26. Ke2 Ke8 27. Bf4
Rf6 28. Ke3 Re6 29. Bg3 g5 30. h4 gxh4 31. f4 f5 32. Rc8+ Kf7 33. Bxh4 Rd6 34.
Rc7+ Ke6 35. Rh7 a6 36. Rb7 b5 37. Rh7 Na5 38. Re7+ Kd5 39. Re5+ Kc6 40. Rxf5
Nc4+ 41. Kxe4 Rd2 42. Rf6+ Kb7 43. b3 Nb6 44. Rf7+ Kc6 45. g3 Rxa2 46. Kf5 Ra3
47. Bd8 Nd5 48. Kg4 Rxb3 49. Ra7 Ra3 50. f5 Kd6 51. f6 Rxc3 52. Rxa6+ Kd7 53.
f7 Rc4+ 54. Kf5 Nf6 55. Rxf6 Rc8 56. f8=Q b4 57. Rd6# 1-0

[Event "Wielkopolska III Liga Juniorow 2016"]
[Site "Gniezno"]
[Date "1899-12-30"]
[Round "2.29"]
[White "Kostecka, Marika"]
[Black "Andrzejewska, Maja"]
[Result "1/2-1/2"]
[WhiteTitle "I+"]
[BlackTitle "II"]
[WhiteElo "1699"]
[BlackElo "1295"]

1. e4 c5 2. Nf3 Nc6 3. d4 cxd4 4. Nxd4 e5 5. Nb5 d6 6. a4 Be6 7. N1c3 Nf6 8. Bg5
Be7 9. Bxf6 gxf6 10. Be2 a6 11. Na3 Rg8 12. g3 f5 13. exf5 Bxf5 14. Nd5 Nd4 15.
c3 Nxe2 16. Qxe2 Qa5 17. Qc4 Rc8 18. Qb3 Be4 19. Qxb7 Qd8 20. Qxe7+ Qxe7 21. Nxe7
Kxe7 22. Rg1 Rb8 23. b4 Rgc8 24. Kd2 Bc6 25. Nc2 Bd7 26. Ne3 Ke6 27. Rgc1 d5 28.
Nc2 Rc4 29. Re1 Rbc8 30. Ra3 Kd6 31. Ne3 R4c7 32. f4 f6 33. fxe5+ fxe5 34. Rf1
d4 35. Rf6+ Be6 36. Nf5+ Kd5 37. c4+ Rxc4 38. Ne7+ Ke4 39. Nxc8 Bxc8 40. Rb3 h5
41. b5 Rxa4 42. b6 Ra2+ 43. Kc1 Rxh2 44. b7 Bxb7 45. Rxb7 d3 46. Rxa6 Ke3 47.
Re6 Rh1+ 48. Kb2 d2 49. Rxe5+ Kd4 50. Reb5 d1=Q 51. Rd7+ Ke4 52. Rxd1 Rxd1 53.
Rxh5 Rd2+ 54. Kc1 Rg2 55. Rg5 Kf3 56. g4 Rxg4 57. Rxg4 Kxg4 1/2-1/2

[Event "Wielkopolska III Liga Juniorow 2016"]
[Site "Gniezno"]
[Date "1899-12-30"]
[Round "2.30"]
[White "Roszkiewicz, Zofia"]
[Black "Grochot, Klara"]
[Result "1/2-1/2"]
[WhiteTitle "II"]
[BlackTitle "II"]
[WhiteElo "1011"]
[BlackElo "1027"]

1. e4 e5 2. Nf3 Nc6 3. d4 exd4 4. Nxd4 Nf6 5. Nxc6 bxc6 6. e5 Qe7 7. Qe2 Nd5 8.
c4 Nb6 9. Nc3 d6 10. exd6 Qxe2+ 11. Bxe2 cxd6 12. O-O Be6 13. Re1 O-O-O 14. b3
g6 15. Rb1 Bg7 16. Ne4 Bf5 17. Bd3 d5 18. Nc5 Bxd3 19. Nxd3 dxc4 20. bxc4 Rxd3
21. c5 Nc4 22. Bf4 Rhd8 23. Rb8+ Kd7 24. Rb7+ Kc8 25. Rb8+ Kd7 26. Rb7+ Kc8 27.
Rb8+ Kd7 28. Rb7+ 1/2-1/2

[Event "Wielkopolska III Liga Juniorow 2016"]
[Site "Gniezno"]
[Date "1899-12-30"]
[Round "3.1"]
[White "Stochnialek, Dominika"]
[Black "Adamczewski, Maciej"]
[Result "0-1"]
[WhiteTitle "I"]
[BlackTitle "I++"]
[WhiteElo "1438"]
[BlackElo "1949"]

1. e4 c5 2. Nf3 e6 3. d4 cxd4 4. Nxd4 a6 5. Nc3 Qc7 6. f4 Bb4 7. Bd2 Nc6 8. Nb3
b6 9. Bd3 Be7 10. Qg4 g6 11. a3 d6 12. Qe2 Nf6 13. g4 Bb7 14. O-O-O Nd7 15. h4
b5 16. h5 O-O-O 17. Na2 Nc5 18. Nxc5 dxc5 19. Qe1 c4 20. Bf1 Nd4 21. Bg2 f5 22.
gxf5 gxf5 23. Qe3 Bc5 24. Kb1 Rhg8 25. Rhg1 Nxc2 26. Qc3 Bxg1 27. Rxg1 Nd4 28.
Qe3 Rxg2 0-1

[Event "Wielkopolska III Liga Juniorow 2016"]
[Site "Gniezno"]
[Date "1899-12-30"]
[Round "3.2"]
[White "Janiszewski, Filip"]
[Black "Wojciechowski, Antoni"]
[Result "1/2-1/2"]
[WhiteTitle "I"]
[BlackTitle "II+"]
[WhiteElo "1922"]
[BlackElo "1514"]

1. e4 c6 2. d4 d5 3. Nd2 dxe4 4. Nxe4 Bf5 5. Ng3 Bg6 6. h4 h6 7. Nf3 Nd7 8. h5
Bh7 9. Bd3 Bxd3 10. Qxd3 e6 11. Bf4 Qa5+ 12. Bd2 Qc7 13. O-O-O O-O-O 14. Kb1 Ngf6
15. Ne4 Nxe4 16. Qxe4 Nf6 17. Qe2 Bd6 18. Ne5 Bxe5 19. dxe5 Nd5 20. c4 Nb6 21.
Ba5 c5 22. f4 Qc6 23. g4 Rhe8 24. b3 Rxd1+ 25. Rxd1 Rd8 26. Rxd8+ Kxd8 27. Kb2
Ke7 28. Qd2 Qd7 29. Qxd7+ Kxd7 30. Bxb6 axb6 31. Kc3 Ke7 32. Kd3 Kd7 33. g5 Kc6
1/2-1/2

[Event "Wielkopolska III Liga Juniorow 2016"]
[Site "Gniezno"]
[Date "1899-12-30"]
[Round "3.3"]
[White "Poltorak, Sebastian"]
[Black "Skurniak, Szymon"]
[Result "1/2-1/2"]
[WhiteTitle "II+"]
[BlackTitle "I"]
[WhiteElo "1693"]
[BlackElo "1630"]

1. d4 Nf6 2. c4 g6 3. Nc3 d5 4. cxd5 Nxd5 5. e4 Nxc3 6. bxc3 Bg7 7. Bc4 c5 8. Ne2
Nc6 9. Be3 O-O 10. O-O Qc7 11. Bf4 Qd7 12. dxc5 Na5 13. Bb3 Qc6 14. Qd5 Qa6 15.
Nd4 Qd3 16. Rac1 e6 17. Qg5 Nxb3 18. axb3 h6 19. Qg3 Qxe4 20. Rfe1 Qd5 21. Bd6
Re8 22. Nb5 Qxb3 23. Nc7 Bd7 24. Rb1 Qxc3 25. Qxc3 Bxc3 26. Rec1 Ba5 27. Nxa8
Rxa8 28. Rxb7 Bc6 29. Rb8+ Rxb8 30. Bxb8 Kg7 31. Bxa7 Kf6 32. Rd1 Bc7 33. Bb6
Be5 34. g3 g5 35. Bd8+ Kf5 36. Rb1 Ke4 37. Rd1 Bd4 38. Be7 e5 39. Bf8 h5 40. Be7
g4 41. Rd2 f5 42. Bd6 1/2-1/2

[Event "Wielkopolska III Liga Juniorow 2016"]
[Site "Gniezno"]
[Date "1899-12-30"]
[Round "3.4"]
[White "Ochedzan, Tymon"]
[Black "Roszkiewicz, Anna"]
[Result "1-0"]
[WhiteTitle "II+"]
[BlackTitle "I"]
[WhiteElo "1589"]
[BlackElo "1421"]

1. e4 c5 2. Nf3 d6 3. d4 cxd4 4. Nxd4 Nf6 5. Nc3 a6 6. Bg5 e6 7. f4 Be7 8. Qf3
Qc7 9. O-O-O Nbd7 10. g4 b5 11. Bxf6 Bxf6 12. Ndxb5 axb5 13. Nxb5 Bxb2+ 14. Kxb2
Rb8 15. Kc1 Qa5 16. Nxd6+ Ke7 17. a3 Qb6 18. Bb5 Nc5 19. f5 e5 20. f6+ gxf6 21.
Rhf1 f5 22. gxf5 Rg8 23. Qh5 Nb3+ 24. cxb3 Qe3+ 25. Rd2 Qc3+ 26. Kd1 Qxb3+ 27.
Ke2 Rg2+ 28. Rf2 Rxf2+ 29. Kxf2 Bb7 30. Qg5+ Kf8 31. f6 1-0